书目信息 |
| 题名: |
世界装饰图典
|
|
| 作者: | 林乐成, 主编 | |
| 分册: | 下 | |
| 出版信息: | 北京 中国建筑工业出版社 2005.01 |
|
| 页数: | 553-1105页 | |
| 开本: | 29cm | |
| 丛书名: | ||
| 单 册: | ||
| 中图分类: | J535 | |
| 科图分类: | ||
| 主题词: | 装饰美术--zhuang shi mei shu--设计--世界--图集 | |
| 电子资源: | ||
| ISBN: | 7-112-06570-4 | |
| 000 | 00803nam0 2200217 450 | |
| 001 | 012007782549 | |
| 005 | 20070921102213.95 | |
| 010 | @a7-112-06570-4@dCNY89.00 | |
| 100 | @a20070820d2005 km y0chiy0120 ea | |
| 101 | 0 | @achi |
| 102 | @aCN@b110000 | |
| 105 | @aa z 000yy | |
| 200 | 1 | @a世界装饰图典@Ashi jie zhuang shi tu dian@h下@f林乐成主编@Flin yue cheng zhu bian |
| 210 | @a北京@c中国建筑工业出版社@d2005.01 | |
| 215 | @a553-1105页@c图@d29cm | |
| 330 | @a本书精选和绘制了3万多个装饰艺术的参考图例,内容分为13大类:门饰和窗饰、壁饰、家具、布艺、灯饰、器物、服饰、首饰、包装、标志、建筑雕刻、招贴及综合装饰等。 | |
| 606 | 0 | @a装饰美术@Azhuang shi mei shu@x设计@y世界@j图集 |
| 690 | @aJ535@v4 | |
| 701 | 0 | @a林乐成,@Alin yue cheng@f1954- @4主编 |
| 801 | 0 | @aCN@c20070921 |
| 905 | @dJ535@eL500:2 | |
| 世界装饰图典.下/林乐成主编.-北京:中国建筑工业出版社,2005.01 |
| 553-1105页:图;29cm |
| ISBN 7-112-06570-4:CNY89.00 |
| 本书精选和绘制了3万多个装饰艺术的参考图例,内容分为13大类:门饰和窗饰、壁饰、家具、布艺、灯饰、器物、服饰、首饰、包装、标志、建筑雕刻、招贴及综合装饰等。 |
| ● |
| 相关链接 |
|
|
|
正题名:世界装饰图典
索取号:J535/L500:2
 
预约/预借
| 序号 | 登录号 | 条形码 | 馆藏地/架位号 | 状态 | 备注 |
| 1 | 261396 | 202613966 | 社科库309/309社科库 90排1列6层/ [索取号:J535/L500:2] | 在馆 |